Statistics for TNA World Tag Team Champions

Click here to take the quiz!

General Stats

  • This quiz has been taken 350 times
    (15 since last reset)
  • The average score is 63 of 91

Answer Stats

Title ReignsLast WonChampions% Correct
12013Austin Aries
100%
12007Sting
100%
12008Super Eric
100%
12016Abyss
89%
12007AJ Styles
89%
12012AJ Styles
89%
32022Alex Shelley
89%
12013Bobby Roode
89%
52016Bobby Roode
89%
22023Chris Bey
89%
32022Chris Sabin
89%
22012Christopher Daniels
89%
12014James Storm
89%
52016James Storm
89%
12013James Storm
89%
22012Kazarian
89%
12010Kevin Nash
89%
12012Samoa Joe
89%
12007Samoa Joe
89%
12010Scott Hall
89%
12014Abyss
78%
22023Ace Austin
78%
12024Brian Myers
78%
12009Brutus Magnus
78%
12016Crazzy Steve
78%
52015Davey Richards
78%
32022Doc Gallows
78%
52015Eddie Edwards
78%
12024Eddie Edwards
78%
12019Fenix
78%
12013Gunner
78%
12008Hernandez
78%
12008Homicide
78%
22016Jeff Hardy
78%
12021Joe Doering
78%
32022Karl Anderson
78%
12008Kaz
78%
12007Kurt Angle
78%
12012Kurt Angle
78%
12007Kurt Angle
78%
12012Magnus
78%
22016Matt Hardy
78%
42019Ortiz
78%
12019Pentagon Jr.
78%
12021Rhino
78%
42019Santana
78%
12023Trey Miguel
78%
12023Zachary Wentz
78%
12015Brian Myers
67%
22009Brother Devon
67%
22009Brother Ray
67%
22013Chavo Guerrero
67%
12017Dave Crist
67%
12022Eric Young
67%
22020Ethan Page
67%
12022Heath
67%
22013Hernandez
67%
12010Hernandez
67%
12011Hernandez
67%
12017Jake Crist
67%
22020Josh Alexander
67%
12022Rhino
67%
12007Ron Killings
67%
12015Trevor Lee
67%
12009Booker T
56%
12012Crimson
56%
12021David Finlay
56%
12018Eli Drake
56%
12009Jay Lethal
56%
12021Juice Robinson
56%
12018Scott Steiner
56%
12009Scott Steiner
56%
12007Tomko
56%
12007Adam Pacman Jones
44%
12011Anarquia
44%
12009Consequences Creed
44%
12018DJZ
44%
22014Jessie Godderz
44%
12022Joe Doering
44%
12012Matt Morgan
44%
12010Matt Morgan
44%
12010Matt Morgan
44%
12022Matt Taven
44%
12022Mike Bennett
44%
22014Robbie E
44%
12018Andrew Everett
33%
12009Doug Williams
33%
12023Flash Morgan Webster
33%
12022Jay Briscoe
33%
12023Mark Andrews
33%
12022Mark Briscoe
33%

Score Distribution

Percentile by Number Answered

Percent of People with Each Score

Your Score History

You have not taken this quiz since the last reset